| 000 | 01276nam0a2200313 4500 | ||
|---|---|---|---|
| 001 | RU\NLR\bibl\326094 | ||
| 005 | 20260405105700.0 | ||
| 010 |
_a5-86093-071-2 _95000 |
||
| 035 | _a(NLR Aleph) 000321093 | ||
| 090 |
_a97703 _c97703 |
||
| 100 | _a20021024d2000 |||y0rusy50 ca | ||
| 101 | 0 | _arus | |
| 102 | _aRU | ||
| 105 | _ay ||||||||| | ||
| 200 | 1 |
_aРецептурный справочник врача-невролога _fА.А. Скоромец, А.В. Амелин, О.И. Карпов и др. |
|
| 210 |
_aСПб. _cОльга _d2000 |
||
| 215 |
_a189 с. _d21 |
||
| 320 | _aАлф. указ.: с. 174-188 | ||
| 606 | 0 |
_aНервные болезни _jСправочники _xФармакотерапия _91797475 _3RU\NLR\auth\66809553 |
|
| 686 | _aР62-52я27 | ||
| 701 | 1 |
_4070 _aСкоромец _bА. А. _f1937- _gАлександр Анисимович _9135000 _3RU\NLR\AUTH\770135034 |
|
| 701 | 1 |
_aАмелин _bА. В. _gАлександр Витальевич _4070 |
|
| 701 | 1 |
_4070 _7ca _8rus _aКарпов _bО. И. _cд-р мед. наук _gОлег Ильич _923915 _3RU\NLR\auth\7740964 |
|
| 801 | 0 |
_aRU _bNLR _c20021024 _gPSBO |
|
| 801 | 1 |
_aRU _bNLR _c20021024 |
|
| 942 | _cBOOK | ||
| 980 | _aNB | ||